00677 2200265 4500001002100000005001700021008004100038020001800079035002400097090001800121100001200139245003600151250001000187260003100197300002400228440002500252500002600277650002900303850001500332980001300347985000600360999001500366999001500381999001500396YOGYA-0209000003476120090227024925.0 ind  a979-672-271-2 0010-020900000034761 a664bHar MlT aHARYOTO aMembuat emping melinjocHaryoto aCet.2 aYogyakartabKanisiusc1999 a42 hlmbilusc19 cm aTeknologi tepat guna aBibliografi : hlm. 42 aMakanan - Emping melinjo aYOPDYOG(B) a01-11-06 a3 a00P0003998 a00P0003999 a00P0004000